000 01303nam a22002175i 4500
001 156109
003 ES-MaACL
005 20230906210326.0
008 981215s1840 sp |||| | spa d
080 _a929 García de la Plazuela, Nicolas Ezequiel de Isidro
080 _a94(460.27 M.)"18"
100 1 _aGarcía de la Plazuela, Nicolas Ezequiel de Isidro.
_9137493
245 1 0 _aMemoria biográfica de los méritos y servicios contraídos por el Mariscal de Campo de los ejércitos nacionales, D. Nicolás Ezequiel de Isidro García de la Plazuela :
_bdesde el primer mando de provincia que obtuvo en agosto de 1825 hasta su destitución del cargo de gobernador militar de la Plaza de Madrid, a consecuencia de los sucesos ocurridos en ella en el Palacio de las Cortes y sus inmediaciones en los días 23 y 24 de febrero de 1840.
260 _aMadrid :
_b[s.n.],
_c1840 (
_fImp. de El Huracán)
300 _a23 p. ;
_c20 cm.
530 _aDisponible en formato digital.
600 1 4 _aGarcía de la Plazuela, Nicolas Ezequiel de Isidro.
_9137493
651 4 _aMadrid-
_xHistoria-
_yS.XIX.
_98969
852 4 _aES-MaACL
_jT-12-F-17
_z- Enc. hol., falto de cub.original
_z- Enc. en un vol. facticio
856 4 _uhttp://bdh-rd.bne.es/viewer.vm?id=0000183703&page=1
_zBiblioteca Digital Hispánica
999 _c156109
_d156109